000 00299nam a2200157Ia 4500
100 _aLiberty/ Jesse
250 _a2
942 _cBK
654 _aC++
245 _aC++ Scratch
260 _bPHI
_aNONE
_c1999
082 _a005.133'C'++
_bLI
300 _a417
546 _aENGLISH
999 _c26696
_d26696